20 ciudades mas grandes de Asia(en orden) - Estadísticas

Estadísticas generales
  • Esta prueba ha sido intentada 74 veces
  • La puntuación promedio es 12 de 20
Estadísticas de respuestas
Paises Population Ciudades % Correcto
Japon 38.2 Tokio
100%
China 22.0 Beijing
94%
China 25.2 Shanghai
94%
India 27.1 Delhi
89%
Filipinas 13.3 Manila
84%
Japon 20.4 Osaka
83%
Corea del sur 9.8 Seul
79%
Bangladesh 18.9 Dhaka
78%
Indonesia 10.6 Yakarta
78%
Tailandia 9.6 Bangkok
76%
Pakistan 17.6 Karachi
67%
India 21.6 Mumbai
59%
India 10.8 Bangalore
30%
India 10.4 Chennai
30%
India 15.1 Kolkata
29%
China 11.9 Tianjin
25%
India 9.4 Hyderabad
21%
China 13.6 Guangzhou
16%
China 14.1 Chongqing
14%
China 10.9 Shenzhen
11%
No se encontraron pruebas coincidentes
Distribución de puntuación
Porcentaje de gente con cada puntuación
Porcentaje por número respondido
Historial de tus puntuaciones
No has intentado esta prueba.